000 00779nam a2200229Ia 4500
001 16746
003 GE_BSU
008 181216s||||||||xx |||||||||||||| ||und||
040 _cGE_BSU
080 _a821.353.1-4 + 821.353.1-92
100 _aთორდუა, ვ.
245 _aდღეების ექო
245 _bნარკვევები. პუბლიცისტიკა
245 _cრედ. კ.ლოლაძე. მხ. ი.კალაძე
260 _aთბილისი
260 _bსაქ. კპ. ცკ-ს გამ-ბა
260 _c1963
300 _a170გვ. ; 19სმ
653 _aდღეების ექო
653 _aნარკვევები. პუბლიცისტიკა
942 _cBK
999 _c49811
_d49811